Monopoly capital: An essay on the American economic and social order (Record no. 95600)

MARC details
000 -LEADER
fixed length control field 00387nam a2200145Ia 4500
008 - FIXED-LENGTH DATA ELEMENTS--GENERAL INFORMATION
fixed length control field 230917s9999||||xx |||||||||||||| ||und||
040 ## - CATALOGING SOURCE
-- 138456
Original cataloging agency VIVEKANANDA LIBRARY
041 ## - Language
-- English
082 ## - DDC NUMBER
Classification number 333.323 B231M
100 ## - MAIN ENTRY--PERSONAL NAME
Personal name Baran, Paula A
245 #0 - TITLE STATEMENT
Title Monopoly capital: An essay on the American economic and social order
260 ## - PUBLICATION, DISTRIBUTION, ETC. (IMPRINT)
Place of publication, distribution, etc London
Name of publisher, distributor, etc Penguin
Date of publication, distribution, etc 1966
300 ## - PHYSICAL DESCRIPTION
Pages 390 p.
942 ## - ADDED ENTRY ELEMENTS (KOHA)
Koha item type Books
Holdings
Withdrawn status Lost status Damaged status Not for loan Location (home branch) Sublocation or collection (holding branch) Date acquired Koha issues (times borrowed) Koha full call number Accession No. Koha date last seen Koha item type
        VIVEKANANDA LIBRARY VIVEKANANDA LIBRARY 17/02/2010   333.323 B231M 17789 17/09/2023 Books
        VIVEKANANDA LIBRARY VIVEKANANDA LIBRARY 17/02/2010   333.323 B231M 295326 17/09/2023 Books
© Designed and Maintained by Vivekananda Library, MDU Rohtak